| 000 | 00578nam a22001697a 4500 | ||
|---|---|---|---|
| 003 | OSt | ||
| 005 | 20171010095524.0 | ||
| 008 | 120824t xxu||||| |||| 00| 0 eng d | ||
| 040 |
_aMMSU _cULS |
||
| 100 |
_aAlimbuyuguen, Marivic M. _912332 |
||
| 245 |
_aConcept, attitude and involvement of rural women in leisure _cMarivic M. Alimbuyuguen |
||
| 260 | _c2002 | ||
| 300 |
_axviii, 154 leaves _c28 cm. |
||
| 500 | _aThesis (Ph.D.-Rural Development) -- Mariano Marcos State University-Graduate School, Laoag City | ||
| 504 | _aBibliography: leaves 131-132 | ||
| 942 |
_2ddc _cTHEDIS |
||
| 999 |
_c9776 _d9776 |
||